Кн. 4: Хроматографические методы анализа; Практикум по аналитической химии. Анализ пищевых продуктов

Dettagli Bibliografici
Parent link:Коренман, Яков Израильевич. Практикум по аналитической химии. Анализ пищевых продуктов: учебное пособие: в 4 кн.. Кн. 4: Хроматографические методы анализа.— 2-е изд., перераб. и доп..— , 2005.— 5-9532-0270-9
Riassunto:В книге 4 практикума в соответствии с Государственными образовательными стандартами и программой курса «Аналитическая химия и физико-химические методы анализа» приводятся 64 лабораторные работы по анализу пищевых продуктов методами жидкостной, газовой, ионообменной хроматографии, хроматографии в тонком слое и на бумаге, гель-хроматографии. В конце каждой лабораторной работы даются задания для самостоятельного выполнения и примерная тематика учебно-исследовательских работ студентов (УИРС). Пособие содержит также основные положения техники безопасности при работе в лаборатории хроматографических методов анализа. Большое место отведено программам для тестирования по каждому методу анализа. Для студентов пищевых специальностей технологических и сельскохозяйственных высших учебных заведений.
Lingua:russo
Pubblicazione: 2005
Soggetti:
Natura: MixedMaterials Libro
KOHA link:https://koha.lib.tpu.ru/cgi-bin/koha/opac-detail.pl?biblionumber=94726

MARC

LEADER 00000nam2a2200000 4500
001 94726
005 20231101213952.0
010 |a 5953202989  |b (в пер.)  |b 2000 экз. 
021 |a RU  |b 05-59504  |9 05-2919 
035 |a (RuTPU)RU\TPU\book\101472 
090 |a 94726 
100 |a 20060414g2005 m y0rusy5002 ca 
101 0 |a rus 
102 |a RU 
105 |a y j 001zy 
200 0 |a Кн. 4: Хроматографические методы анализа 
210 |d 2005 
215 |a 296 с. 
320 |a Библиогр.: с. 294-296. 
330 |a В книге 4 практикума в соответствии с Государственными образовательными стандартами и программой курса «Аналитическая химия и физико-химические методы анализа» приводятся 64 лабораторные работы по анализу пищевых продуктов методами жидкостной, газовой, ионообменной хроматографии, хроматографии в тонком слое и на бумаге, гель-хроматографии. В конце каждой лабораторной работы даются задания для самостоятельного выполнения и примерная тематика учебно-исследовательских работ студентов (УИРС). Пособие содержит также основные положения техники безопасности при работе в лаборатории хроматографических методов анализа. Большое место отведено программам для тестирования по каждому методу анализа. Для студентов пищевых специальностей технологических и сельскохозяйственных высших учебных заведений. 
461 1 |0 (RuTPU)RU\TPU\book\101983  |y 5-9532-0270-9  |t Практикум по аналитической химии. Анализ пищевых продуктов  |o учебное пособие: в 4 кн.  |v Кн. 4: Хроматографические методы анализа  |e 2-е изд., перераб. и доп.  |d 2005  |s Учебники и учебные пособия для студентов высших учебных заведений  |a Коренман, Яков Израильевич 
606 1 |a Хроматография  |2 stltpush  |3 (RuTPU)RU\TPU\subj\17626  |9 43222 
610 1 |a аналитическая химия 
610 1 |a хроматографический анализ 
610 1 |a жидкостная хроматография 
610 1 |a газовая хроматография 
610 1 |a гель-хроматография 
610 1 |a ионообменная хроматография 
610 1 |a хроматография в тонком слое 
610 1 |a хроматография на бумаге 
610 1 |a пищевые продукты 
610 1 |a анализ 
610 1 |a практикумы 
610 1 |a учебные пособия 
675 |a 543.544(076.5)  |v 3 
801 0 |a RU  |b RKP  |c 20051017  |g PSBO 
801 1 |a RU  |b 63413507  |c 20060414  |g PSBO 
801 2 |a RU  |b 63413507  |c 20200203  |g PSBO 
900 |a Аналитическая химия 
900 |a Физико-химические методы анализа 
900 |a Электрохимия 
900 |a Основы пищевой и парфюмерно-косметической химии и технологии 
942 |c BK 
952 |b 260100  |b 260200  |b 260500